| 000 | 00844nam a22002417a 4500 | ||
|---|---|---|---|
| 003 | URS | ||
| 005 | 20260223164113.0 | ||
| 008 | 260214t2025 ph ||||| |||| 001 0 eng d | ||
| 020 | _a9786210451740 | ||
| 040 |
_aDLC _bDLC _cDLC _dURS _dDLC _erda |
||
| 082 |
_a332.1 _bA188 2025 _2First Edition |
||
| 100 |
_aAlvior, Elizabeth B., _eauthors. |
||
| 245 |
_aBanking and financial institutions / _cElizabeth B. Alvior, and Rosemarie F. Magno. |
||
| 264 |
_aSampaloc, Manila: _bRex Book Store, Inc., _c[2025] |
||
| 300 |
_axi, 246 pages _bIllustration _c26 cm. |
||
| 336 |
_2rdacontent _atext _btxt |
||
| 337 |
_2rdamedia _aunmediated _bn |
||
| 338 |
_2rdacarrier _avolume _bnc |
||
| 504 | _aIncludes bibliographical references (pages 237-238), and indexes. | ||
| 650 | _aBanks and banking. | ||
| 700 |
_aMagno, Rosemarie F., _eauthors. |
||
| 942 |
_2ddc _cF |
||
| 999 |
_c98780 _d98777 |
||